[Event "Bad Woerishofen op 24th"]
[Site "Bad Woerishofen"]
[Date "2008.03.05"]
[Round "7"]
[White "Poppeler, Alois"]
[Black "Zoll, Detlef"]
[Result "1-0"]
[WhiteElo "2172"]
[BlackElo "2021"]
[PlyCount "78"]
[EventDate "2008.02.28"]
[EventType "swiss"]
[EventRounds "9"]
[EventCountry "GER"]
[SourceTitle "CBM 123 Extra"]
[Source "ChessBase"]
[SourceDate "2008.05.06"]
[SourceVersion "1"]
[SourceVersionDate "2008.05.06"]
[SourceQuality "1"]

1. d4 Nf6 2. c4 c5 3. e3 g6 4. Nc3 Bg7 5. g3 0-0 6. Bg2 cxd4 7. exd4 d6 8. Nge2 Nc6 9. h3 a6 10. 0-0 Qc7 11. Bg5 e6 12. Qd2 Ne7 13. Rac1 Ne8 14. b3 f6 15. Be3 Nf5 16. Nf4 Qf7 17. d5 e5 18. Ne6 Nxe3 19. Qxe3 f5 20. Nxf8 Qxf8 21. Na4 f4 22. Qf3 Nf6 23. g4 g5 24. Nb6 e4 25. Qd1 f3 26. Nxa8 Nxg4 27. Qd2 fxg2 28. Rfe1 Ne5 29. Qe3 Nf3+ 30. Kxg2 Bxh3+ 31. Kh1 Qf5 32. Qxe4 Nxe1 33. Qxf5 Bxf5 34. Rxe1 Be5 35. c5 Kf7 36. c6 bxc6 37. dxc6 Ke7 38. Nb6 Kd8 39. Nd5 Ke8 1-0

[Event "Bad Woerishofen op 23th"]
[Site "Bad Woerishofen"]
[Date "2007.03.10"]
[Round "3"]
[White "Pohlers, Juergen"]
[Black "Poppeler, Alois"]
[Result "1/2-1/2"]
[WhiteElo "2102"]
[BlackElo "2237"]
[PlyCount "60"]
[EventDate "2007.03.08"]
[EventType "swiss"]
[EventRounds "9"]
[EventCountry "GER"]
[SourceTitle "EXT 2022"]
[Source "ChessBase"]
[SourceDate "2021.10.06"]
[SourceVersion "1"]
[SourceVersionDate "2021.10.06"]
[SourceQuality "1"]

1. d4 d5 2. c4 e6 3. Nc3 Bb4 4. Nf3 Nf6 5. cxd5 Qxd5 6. Qa4+ Nc6 7. Qxb4 Nxb4 8. Nxd5 exd5 9. Kd1 Ng4 10. Be3 Nxe3+ 11. fxe3 Bf5 12. Kd2 c6 13. a3 Na6 14. g3 Be4 15. Bh3 f6 16. Rhf1 Ke7 17. Nh4 g6 18. Bg2 Bxg2 19. Nxg2 Nc7 20. Nf4 Nb5 21. Rac1 Nd6 22. b3 Kd7 23. Nd3 b6 24. Nf2 Rhe8 25. Kd3 Re6 26. Ng4 Ne4 27. Nf2 Nxf2+ 28. Rxf2 Rae8 29. Rf3 h5 30. Kd2 f5 1/2-1/2